Metáforas en la terminología económica española

Sémantická analýza terminologických metafor v španielskom ekonomickom jazyku. Identifikácia a definovanie zdrojových domén v terminologických metaforách opisujúcich abstraktné pojmy v ekonómii. Dopĺňa existujúce koncepčné taxonómie v tejto oblasti a ukazuje, že metaforické pojmy sú obrazy ľudskej ex...

ver descrição completa

Na minha lista:
Detalhes bibliográficos
Autor principal: Pavliková, Želmíra, 1979-
Formato: Capítulo de Livro
Idioma:espanhol
Assuntos:
Tags: Adicionar Tag
Sem tags, seja o primeiro a adicionar uma tag!

MARC

LEADER 00000naa a2200000 4500
001 0306043
005 20250110101021.3
041 0 |a spa 
044 |a RS 
245 1 0 |a Metáforas en la terminología económica española  |c Želmíra Pavliková 
520 |a Sémantická analýza terminologických metafor v španielskom ekonomickom jazyku. Identifikácia a definovanie zdrojových domén v terminologických metaforách opisujúcich abstraktné pojmy v ekonómii. Dopĺňa existujúce koncepčné taxonómie v tejto oblasti a ukazuje, že metaforické pojmy sú obrazy ľudskej existencie a všetkého, čo s tým súvisí. Určenie, ktorá pojmová doména je najfrekventovanejšia pri tvorení metaforických termínov v ekonomickom jazyku. Ukazuje sa, že mapovanie mysle odráža viaceré sféry života, ľudské aktivity a všetko okolo nás. Výsledky ukazujú, že najväčší počet identifikovaných zdrojových domén je z prostredia vied ako fyzika alebo biológia. 
610 2 0 |a jazykoveda 
610 2 0 |a sémantika 
610 2 0 |a terminológia 
610 2 0 |a jazyky cudzie 
610 2 0 |a španielčina 
610 2 0 |a ekonómia 
100 1 |a Pavliková, Želmíra, 1979-